[Event "34. Copenhagen Open (Politiken Cup)"]
[Site "Elsinore"]
[Date "2012.08.05"]
[Round "10"]
[White "Rudolf, Anna"]
[Black "Marttala, Thomas"]
[Result "1-0"]
[WhiteElo "2325"]
[BlackElo "2193"]
[PlyCount "71"]
[EventDate "2012.07.28"]
[EventType "swiss"]
[EventRounds "10"]
[EventCountry "DEN"]
[Source "ChessBase"]
[SourceDate "2012.08.24"]

1. e4 c5 2. Nf3 e6 3. d4 cxd4 4. Nxd4 Nf6 5. Nc3 Nc6 6. Be2 Bb4 7. O-O d5 8.
exd5 exd5 9. Bb5 Bd7 10. Re1+ Be7 11. Bg5 O-O 12. Nce2 h6 13. Bf4 Re8 14. Bd3
Bf8 15. c3 Qb6 16. Qb3 Qxb3 17. axb3 Ne5 18. Bc2 a6 19. Kf1 Rac8 20. Ng3 Nc6
21. Ngf5 g5 22. Nxc6 Bxc6 23. Bd6 Rxe1+ 24. Rxe1 Bxd6 25. Nxd6 Rc7 26. Nf5 Bb5+
27. Kg1 h5 28. Re5 g4 29. f4 Kf8 30. Kf2 Bd7 31. Ke3 a5 32. Kd4 Be6 33. Ne3 b6
34. g3 a4 35. bxa4 Rc6 36. Bb3 1-0

[Event "34. Copenhagen Open (Politiken Cup)"]
[Site "Elsinore"]
[Date "2012.08.05"]
[Round "10"]
[White "Satre, Mathias"]
[Black "Spiess, Thomas"]
[Result "1/2-1/2"]
[WhiteElo "1722"]
[BlackElo "2007"]
[PlyCount "112"]
[EventDate "2012.07.28"]
[EventType "swiss"]
[EventRounds "10"]
[EventCountry "DEN"]
[Source "ChessBase"]
[SourceDate "2012.08.24"]

1. e4 c5 2. Nc3 Nc6 3. g3 d6 4. Bg2 g6 5. d3 Bg7 6. f4 e5 7. Nge2 Nge7 8. O-O
O-O 9. Be3 Nd4 10. Rb1 Be6 11. Qd2 Qd7 12. Rf2 Rae8 13. Rbf1 b6 14. Kh1 f6 15.
Ng1 Rf7 16. h3 f5 17. fxe5 Bxe5 18. Bf4 Bg7 19. Bh6 Ref8 20. Bxg7 Kxg7 21. Kh2
Nec6 22. exf5 Rxf5 23. Ne4 Ne5 24. Ng5 Bg8 25. N1f3 Ndxf3+ 26. Nxf3 Qf7 27. Qe3
Qf6 28. Kg1 Nxf3+ 29. Rxf3 Rxf3 30. Rxf3 Qe6 31. Qxe6 Bxe6 32. Rxf8 Kxf8 33. a3
Ke7 34. Kf2 Kf6 35. g4 b5 36. c3 a5 37. b4 cxb4 38. cxb4 axb4 39. axb4 Bd7 40.
Be4 Ke5 41. Ke3 Be8 42. d4+ Kf6 43. h4 h6 44. Bd5 g5 45. h5 Bd7 46. Kf3 Ke7 47.
Kg3 Be6 48. Bc6 Bc4 49. Kf3 Kf6 50. Ke4 Be2 51. Bd7 Bc4 52. d5 Bf1 53. Be6 Ke7
54. Kd4 Bg2 55. Bf5 Kf6 56. Be6 Bf1 1/2-1/2

[Event "34. Copenhagen Open (Politiken Cup)"]
[Site "Elsinore"]
[Date "2012.08.05"]
[Round "10"]
[White "Satre, Roger"]
[Black "Tryggestad, Andreas Garberg"]
[Result "1-0"]
[WhiteElo "1866"]
[BlackElo "1721"]
[PlyCount "91"]
[EventDate "2012.07.28"]
[EventType "swiss"]
[EventRounds "10"]
[EventCountry "DEN"]
[Source "ChessBase"]
[SourceDate "2012.08.24"]

1. c4 e5 2. Nc3 Nf6 3. Nf3 d6 4. g3 g6 5. Bg2 Bg7 6. O-O O-O 7. d3 c6 8. e4 Be6
9. Ng5 Nbd7 10. f4 h6 11. Nxe6 fxe6 12. f5 exf5 13. exf5 g5 14. Be3 Nb6 15. Qb3
Kh8 16. Kh1 Qc7 17. Rad1 Nc8 18. d4 Ne7 19. dxe5 dxe5 20. Bc5 Rad8 21. Qb4 Rde8
22. Bd6 Qd7 23. Bxe5 Qc8 24. Bd6 Nxf5 25. Bxf8 Bxf8 26. c5 Bg7 27. Rd3 Ne3 28.
Rf2 Nfg4 29. Re2 Qf5 30. Ne4 a5 31. Qa4 Nf1 32. Rf3 Nxg3+ 33. hxg3 Qg6 34. Kg1
Rd8 35. Rd2 Rxd2 36. Nxd2 Ne5 37. Rf1 Qd3 38. Qd1 Qxg3 39. Qe1 Qg4 40. Qe4 Qd7
41. Nc4 Nd3 42. Rd1 Bd4+ 43. Ne3 Nf4 44. Bf3 Ne6 45. Bg4 Nxc5 46. Qxd4+ 1-0

[Event "34. Copenhagen Open (Politiken Cup)"]
[Site "Elsinore"]
[Date "2012.08.05"]
[Round "10"]
[White "Schandorff, Lars"]
[Black "Stojanovski, Sandi"]
[Result "1-0"]
[WhiteElo "2516"]
[BlackElo "2191"]
[PlyCount "63"]
[EventDate "2012.07.28"]
[EventType "swiss"]
[EventRounds "10"]
[EventCountry "DEN"]
[Source "ChessBase"]
[SourceDate "2012.08.24"]

1. d4 Nf6 2. c4 e6 3. Nc3 Bb4 4. e3 c5 5. Nge2 b6 6. a3 Ba5 7. Rb1 Qe7 8. Bd2
O-O 9. b4 cxb4 10. axb4 Bxb4 11. Rxb4 Qxb4 12. Nd5 Qxc4 13. Nef4 Qxd5 14. Nxd5
Nxd5 15. e4 Ne7 16. Bb4 Re8 17. h4 Bb7 18. Bd3 Nbc6 19. Bc3 Rac8 20. Qd2 f5 21.
f3 Nb8 22. h5 h6 23. g4 fxg4 24. fxg4 Rf8 25. g5 hxg5 26. h6 Rf4 27. d5 gxh6
28. Rxh6 Ba6 29. Bxa6 Nxa6 30. Qd4 Rxe4+ 31. Qxe4 Rxc3 32. Qh7+ 1-0

[Event "34. Copenhagen Open (Politiken Cup)"]
[Site "Elsinore"]
[Date "2012.08.05"]
[Round "10"]
[White "Schultz Pedersen, Jesper"]
[Black "Kristensen, Bjarke Hautop"]
[Result "1-0"]
[WhiteElo "2172"]
[BlackElo "1824"]
[PlyCount "60"]
[EventDate "2012.07.28"]
[EventType "swiss"]
[EventRounds "10"]
[EventCountry "DEN"]
[Source "ChessBase"]
[SourceDate "2012.08.24"]

1. e4 c5 2. Nc3 e6 3. f4 d5 4. Nf3 dxe4 5. Nxe4 Nc6 6. Bb5 Bd7 7. O-O a6 8.
Bxc6 Bxc6 9. Qe2 Be7 10. b3 Nf6 11. d3 Qc7 12. Ne5 Nxe4 13. dxe4 Bf6 14. Bb2
O-O-O 15. c4 h5 16. Rab1 b6 17. Nxc6 Qxc6 18. Bxf6 gxf6 19. Rbd1 Rxd1 20. Rxd1
Rd8 21. Rxd8+ Kxd8 22. e5 Qd7 23. g3 h4 24. Kg2 hxg3 25. Kxg3 Qd4 26. exf6 Qxf6
27. Qe5 Ke7 28. Qg5 Qxg5+ 29. fxg5 f5 30. gxf6+ Kxf6 1-0

[Event "34. Copenhagen Open (Politiken Cup)"]
[Site "Elsinore"]
[Date "2012.08.05"]
[Round "10"]
[White "Sivaranjan, Aschmirthan"]
[Black "Haagen Larsen, Hans"]
[Result "1-0"]
[WhiteElo "1450"]
[BlackElo "1775"]
[PlyCount "74"]
[EventDate "2012.07.28"]
[EventType "swiss"]
[EventRounds "10"]
[EventCountry "DEN"]
[Source "ChessBase"]
[SourceDate "2012.08.24"]

1. e4 e6 2. d4 d5 3. e5 c5 4. c3 Ne7 5. a3 Nec6 6. Nf3 b6 7. b4 cxd4 8. cxd4
Be7 9. Bd3 f5 10. O-O O-O 11. Bf4 g5 12. Be3 Kh8 13. Qc2 Bb7 14. Nc3 a6 15. Ne2
Nd7 16. h3 Rf7 17. Qc1 Qg8 18. Bxg5 Bxg5 19. Nxg5 Rg7 20. Nf3 Rc8 21. Qe3 Qf7
22. Qh6 Rcg8 23. g3 Nf8 24. Kh2 Ng6 25. Rg1 Na7 26. Ng5 Qe8 27. h4 Nf8 28. Nf4
Bc8 29. Rac1 Ng6 30. Nh5 Re7 31. Nf6 Qf8 32. Qxf8 Rxf8 33. Nfxh7 Rxh7 34. Nxh7
Kxh7 35. Rc7+ Kg8 36. Rxa7 b5 37. Rc1 Re8 1-0

[Event "34. Copenhagen Open (Politiken Cup)"]
[Site "Elsinore"]
[Date "2012.08.05"]
[Round "10"]
[White "Skjolas, Erling Dyrhaug"]
[Black "Maagaard, David Bille"]
[Result "0-1"]
[WhiteElo "1581"]
[BlackElo "1843"]
[PlyCount "108"]
[EventDate "2012.07.28"]
[EventType "swiss"]
[EventRounds "10"]
[EventCountry "DEN"]
[Source "ChessBase"]
[SourceDate "2012.08.24"]

1. e4 e5 2. Nf3 Nf6 3. Nxe5 d6 4. Nf3 Nxe4 5. Be2 Be7 6. O-O O-O 7. Nc3 d5 8.
Re1 Nc6 9. Bb5 f5 10. d3 Nxc3 11. bxc3 Bf6 12. d4 Ne7 13. Ng5 c6 14. Bd3 g6 15.
Qe2 Qd6 16. a4 b6 17. a5 Bd7 18. Ba3 c5 19. Nf3 Nc6 20. Ne5 Rfe8 21. f4 Nxa5
22. Qf2 Nb7 23. dxc5 Nxc5 24. Bxc5 bxc5 25. Ra6 Qe7 26. Rxf6 Qxf6 27. Nxd7 Qxc3
28. Rxe8+ Rxe8 29. h3 c4 30. Bf1 a5 31. Qc5 Qe3+ 32. Qxe3 Rxe3 33. Nf6+ Kf7 34.
Nxd5 Re4 35. g3 Ke6 36. Nc3 Rd4 37. Be2 Kd6 38. Nb5+ Kc5 39. Nxd4 Kxd4 40. c3+
Kxc3 41. Bd1 Kd2 42. Ba4 c3 43. g4 c2 44. Bxc2 Kxc2 45. gxf5 gxf5 46. Kg2 a4
47. Kg3 a3 48. Kh4 Kd3 49. Kg5 Ke4 50. h4 a2 51. h5 a1=Q 52. h6 Qc3 53. Kh5
Kxf4 54. Kh4 Qg3+ 0-1

[Event "34. Copenhagen Open (Politiken Cup)"]
[Site "Elsinore"]
[Date "2012.08.05"]
[Round "10"]
[White "Skjoldager, Mikael"]
[Black "Rydell, Marten"]
[Result "1-0"]
[WhiteElo "2077"]
[BlackElo "1973"]
[PlyCount "93"]
[EventDate "2012.07.28"]
[EventType "swiss"]
[EventRounds "10"]
[EventCountry "DEN"]
[Source "ChessBase"]
[SourceDate "2012.08.24"]

1. d4 Nf6 2. c4 c5 3. d5 e6 4. Nc3 exd5 5. cxd5 d6 6. g3 g6 7. Bg2 Bg7 8. Nf3
O-O 9. O-O a6 10. a4 Nbd7 11. h3 Re8 12. Nd2 Rb8 13. Nc4 Ne5 14. Na3 Nh5 15.
Kh2 g5 16. e4 g4 17. f4 Ng6 18. Qd3 gxh3 19. Bxh3 Bxh3 20. Kxh3 Kh8 21. Bd2 Rg8
22. Qf3 Nf6 23. Rh1 Qd7+ 24. Kg2 Rbe8 25. Rae1 Nf8 26. a5 Qg4 27. Qxg4 Nxg4 28.
Nc4 Rd8 29. Kf3 Nf6 30. g4 Nxg4 31. e5 dxe5 32. fxe5 Nd7 33. Bf4 f5 34. Rh5
Rdf8 35. Re2 h6 36. d6 Kh7 37. Rh1 Ndxe5+ 38. Nxe5 Rd8 39. Nxg4 fxg4+ 40. Kg3
Bf8 41. Re6 Rg6 42. Rxg6 Kxg6 43. Kxg4 Bg7 44. Rh5 Rc8 45. d7 Rd8 46. Rd5 h5+
47. Kh3 1-0

[Event "34. Copenhagen Open (Politiken Cup)"]
[Site "Elsinore"]
[Date "2012.08.05"]
[Round "10"]
[White "Skjoldager, Per"]
[Black "Rosell, Sven"]
[Result "1-0"]
[WhiteElo "2062"]
[BlackElo "1937"]
[PlyCount "93"]
[EventDate "2012.07.28"]
[EventType "swiss"]
[EventRounds "10"]
[EventCountry "DEN"]
[Source "ChessBase"]
[SourceDate "2012.08.24"]

1. e4 c5 2. c3 d5 3. exd5 Qxd5 4. d4 Nf6 5. Nf3 e6 6. Na3 Qd8 7. Nc2 Be7 8. Bd3
cxd4 9. Ncxd4 O-O 10. O-O a6 11. Qe2 Re8 12. Re1 h6 13. Ne5 Bf8 14. Qf3 Nbd7
15. Nxf7 Kxf7 16. Nxe6 Rxe6 17. Rxe6 Nc5 18. Rxf6+ Qxf6 19. Bc4+ Kg6 20. Qe2
Be6 21. Be3 Bxc4 22. Qxc4 Qe6 23. Qh4 Be7 24. Qg3+ Kh7 25. Bd4 Rg8 26. f4 Bd6
27. Re1 Qg6 28. Qxg6+ Kxg6 29. b4 Bxf4 30. bxc5 Bg5 31. Rb1 Rb8 32. Rb6+ Kf5
33. c6 Bd8 34. Rxb7 Rc8 35. Rf7+ Ke6 36. Rxg7 Rxc6 37. Rg6+ Kd5 38. Rxc6 Kxc6
39. c4 Kd6 40. Kf2 Ke6 41. g4 Kf7 42. Kf3 Kg6 43. Bf2 Kf7 44. Ke4 Ke6 45. Be3
Bc7 46. h3 h5 47. gxh5 1-0

[Event "34. Copenhagen Open (Politiken Cup)"]
[Site "Elsinore"]
[Date "2012.08.05"]
[Round "10"]
[White "Skovgaard, Ib"]
[Black "Jensen, Michael Agermose"]
[Result "0-1"]
[WhiteElo "2006"]
[BlackElo "2113"]
[PlyCount "112"]
[EventDate "2012.07.28"]
[EventType "swiss"]
[EventRounds "10"]
[EventCountry "DEN"]
[Source "ChessBase"]
[SourceDate "2012.08.24"]

1. e4 g6 2. d4 Bg7 3. Nf3 c5 4. dxc5 Qa5+ 5. c3 Qxc5 6. Na3 b6 7. Nb5 a6 8. Be3
Qc6 9. Nbd4 Qb7 10. Bc4 Nf6 11. e5 Ne4 12. Qb3 e6 13. a4 O-O 14. O-O d5 15.
exd6 Nxd6 16. Nd2 Nd7 17. Be2 Qc7 18. Bf3 Nc5 19. Qc2 Bb7 20. Bxb7 Qxb7 21.
Rad1 Rac8 22. Rfe1 Nd7 23. N2b3 Nc4 24. Bg5 Nf6 25. Qe2 Nd5 26. Nxe6 Rfe8 27.
Nec5 Rxe2 28. Nxb7 Rxe1+ 29. Rxe1 Nxb2 30. Nd6 Ra8 31. c4 Nf6 32. a5 bxa5 33.
Nxa5 h6 34. Be3 Ng4 35. Bb6 Be5 36. c5 Bxh2+ 37. Kf1 Nd3 38. Re8+ Rxe8 39. Nxe8
Kf8 40. f3 Kxe8 41. fxg4 Kd7 42. c6+ Kc8 43. Be3 Bc7 44. Nb7 Ne5 45. Bxh6 Nxg4
46. Bg7 Ne5 47. Nc5 a5 48. Na6 Nxc6 49. Nxc7 Kxc7 50. Ke2 Kd6 51. Ke3 Kd5 52.
g4 Kc4 53. Kf4 a4 54. Ba1 a3 55. Kg5 Nd4 56. Kf6 Nc2 0-1

[Event "34. Copenhagen Open (Politiken Cup)"]
[Site "Elsinore"]
[Date "2012.08.05"]
[Round "10"]
[White "Starostits, Ilmars"]
[Black "Haugli, Petter"]
[Result "1-0"]
[WhiteElo "2494"]
[BlackElo "2318"]
[PlyCount "65"]
[EventDate "2012.07.28"]
[EventType "swiss"]
[EventRounds "10"]
[EventCountry "DEN"]
[Source "ChessBase"]
[SourceDate "2012.08.24"]

1. e4 e6 2. d4 d5 3. Nc3 Nf6 4. Bg5 Bb4 5. e5 h6 6. Bd2 Bxc3 7. bxc3 Ne4 8. Qg4
Kf8 9. h4 c5 10. Bd3 Nxd2 11. Kxd2 c4 12. Be2 Nc6 13. Nh3 b5 14. Nf4 Rg8 15. a3
Bd7 16. Rh3 Ne7 17. Nh5 a5 18. Qf4 Rb8 19. g4 Qb6 20. Rb1 Nc6 21. g5 hxg5 22.
hxg5 b4 23. g6 Be8 24. axb4 axb4 25. Ke1 Rh8 26. Nxg7 Rxh3 27. Nxe6+ Ke7 28.
Qf6+ Kd7 29. Nc5+ Qxc5 30. Bg4+ Kc7 31. dxc5 Rh1+ 32. Ke2 Rxb1 33. gxf7 1-0

[Event "34. Copenhagen Open (Politiken Cup)"]
[Site "Elsinore"]
[Date "2012.08.05"]
[Round "10"]
[White "Stolberg Rohr, Thomine"]
[Black "Jacobsen, Per"]
[Result "1-0"]
[WhiteElo "1991"]
[BlackElo "1680"]
[PlyCount "39"]
[EventDate "2012.07.28"]
[EventType "swiss"]
[EventRounds "10"]
[EventCountry "DEN"]
[Source "ChessBase"]
[SourceDate "2012.08.24"]

1. e4 Nf6 2. Nc3 d6 3. d4 g6 4. f4 e5 5. dxe5 Bg4 6. Be2 Bxe2 7. Ngxe2 Nh5 8.
exd6 Bxd6 9. e5 Be7 10. O-O Nd7 11. b3 c6 12. Bb2 Rg8 13. Ne4 Qb6+ 14. Kh1
O-O-O 15. Qe1 Rde8 16. Rd1 Ng7 17. N2c3 Nf5 18. a4 Bb4 19. Rf3 Nc5 20. Nf6 1-0

[Event "34. Copenhagen Open (Politiken Cup)"]
[Site "Elsinore"]
[Date "2012.08.05"]
[Round "10"]
[White "Svane, Frederik"]
[Black "Andersen, Dag"]
[Result "0-1"]
[WhiteElo "1676"]
[BlackElo "1907"]
[PlyCount "90"]
[EventDate "2012.07.28"]
[EventType "swiss"]
[EventRounds "10"]
[EventCountry "DEN"]
[Source "ChessBase"]
[SourceDate "2012.08.24"]

1. e4 e6 2. d4 d5 3. Nd2 Nf6 4. e5 Nfd7 5. f4 c5 6. c3 Nc6 7. Ndf3 cxd4 8. cxd4
Bb4+ 9. Kf2 O-O 10. g3 Qb6 11. Kg2 Be7 12. Bd3 f6 13. Ne2 a6 14. a3 Qc7 15. Bd2
b5 16. b4 f5 17. Rc1 Nb6 18. Qb3 Bb7 19. Rc2 Nc4 20. Rhc1 Qb6 21. Bxc4 dxc4 22.
Qb2 Rad8 23. Kf2 Rd7 24. Be3 Qd8 25. Rc3 Qe8 26. h4 h6 27. Qb1 Bd8 28. Qb2 Ne7
29. R3c2 Bb6 30. Rd1 Qh5 31. Neg1 Rfd8 32. Qa1 Be4 33. Rcc1 Qg4 34. Nh2 Qg6 35.
Nhf3 Nd5 36. Ne2 Rc7 37. Rd2 Rdc8 38. Nc3 Bxf3 39. Kxf3 Nxe3 40. Kxe3 Qxg3+ 41.
Ke2 Qxf4 42. Rf1 Qg4+ 43. Ke3 Rd8 44. Rf4 Qg3+ 45. Rf3 Qxe5+ 0-1

[Event "34. Copenhagen Open (Politiken Cup)"]
[Site "Elsinore"]
[Date "2012.08.05"]
[Round "10"]
[White "Svane, Rasmus"]
[Black "Danielsen, Henrik"]
[Result "1-0"]
[WhiteElo "2367"]
[BlackElo "2511"]
[PlyCount "63"]
[EventDate "2012.07.28"]
[EventType "swiss"]
[EventRounds "10"]
[EventCountry "DEN"]
[Source "ChessBase"]
[SourceDate "2012.08.24"]

1. d4 d6 2. Nf3 g6 3. c4 Bg7 4. Nc3 Bg4 5. e3 c5 6. Be2 cxd4 7. exd4 Nc6 8. h3
Bxf3 9. Bxf3 Nh6 10. g4 O-O 11. Be3 e5 12. dxe5 Nxe5 13. Bd5 Kh8 14. Qd2 Ng8
15. f4 Nc6 16. O-O-O Nge7 17. h4 Nxd5 18. cxd5 Ne7 19. h5 Ng8 20. Rh2 Rc8 21.
Rdh1 g5 22. fxg5 Rc4 23. g6 Be5 24. Rf2 Rxg4 25. Rxf7 Rxf7 26. gxf7 Nf6 27. Bh6
Nd7 28. Rf1 Nf8 29. Qe2 Qc8 30. Bxf8 Bxc3 31. Qe8 Bxb2+ 32. Kb1 1-0

[Event "34. Copenhagen Open (Politiken Cup)"]
[Site "Elsinore"]
[Date "2012.08.05"]
[Round "10"]
[White "Svane, Troels"]
[Black "Nielsen, Leo"]
[Result "0-1"]
[WhiteElo "1723"]
[BlackElo "1739"]
[PlyCount "118"]
[EventDate "2012.07.28"]
[EventType "swiss"]
[EventRounds "10"]
[EventCountry "DEN"]
[Source "ChessBase"]
[SourceDate "2012.08.24"]

1. Nf3 g6 2. g3 Bg7 3. Bg2 e5 4. d3 c6 5. O-O Ne7 6. e4 O-O 7. Bg5 f6 8. Be3 d5
9. Qc1 d4 10. Bd2 c5 11. a4 a5 12. Na3 Nec6 13. Nc4 Be6 14. b3 Nb4 15. Rb1 N8c6
16. Rb2 Rb8 17. Nh4 b5 18. axb5 Rxb5 19. f4 Bxc4 20. bxc4 Rb6 21. f5 g5 22. Nf3
Qe7 23. h4 g4 24. Nh2 h5 25. Bh6 Kh7 26. Bd2 Rfb8 27. Qd1 Bh6 28. Bxh6 Kxh6 29.
Qd2+ Kh7 30. Rfb1 Qa7 31. Ra1 a4 32. Ra3 Ne7 33. Bf1 Nbc6 34. Rxb6 Rxb6 35. Qc1
Rb4 36. Qa1 Qa5 37. Qc1 Ng8 38. Be2 Nh6 39. Nf1 Qb6 40. Nd2 Ne7 41. Ra1 Nexf5
42. exf5 Nxf5 43. Nf1 Qe6 44. Ra3 Nd6 45. Qa1 e4 46. Rxa4 Rxa4 47. Qxa4 e3 48.
Qa5 Qe5 49. Qe1 f5 50. Nh2 f4 51. Nxg4 hxg4 52. Bxg4 fxg3 53. Kg2 Nf5 54. h5
Kh6 55. Qf1 Kg5 56. Be2 Qf4 57. Qxf4+ Kxf4 58. Kh3 Kg5 59. Bg4 g2 0-1

[Event "34. Copenhagen Open (Politiken Cup)"]
[Site "Elsinore"]
[Date "2012.08.05"]
[Round "10"]
[White "Tandrup, Michael"]
[Black "Becker, Martin"]
[Result "1-0"]
[WhiteElo "1955"]
[BlackElo "2375"]
[PlyCount "89"]
[EventDate "2012.07.28"]
[EventType "swiss"]
[EventRounds "10"]
[EventCountry "DEN"]
[Source "ChessBase"]
[SourceDate "2012.08.24"]

1. d4 Nf6 2. Nf3 g6 3. g3 Bg7 4. Bg2 d6 5. O-O O-O 6. c4 Nbd7 7. Nc3 c5 8. d5
Nb6 9. Nd2 Ng4 10. e4 Bd7 11. Bf3 Qc8 12. Be2 Rb8 13. Nf3 Qe8 14. Bf4 f5 15.
exf5 gxf5 16. h3 Nf6 17. Ng5 Qg6 18. Ne6 Bxe6 19. dxe6 Bh6 20. Qd2 Bxf4 21.
Qxf4 Kh8 22. b3 Ne8 23. Rae1 Qxe6 24. Bf3 Qf6 25. Qd2 e5 26. Rd1 Qg7 27. Kh2
Rf6 28. Rg1 Rd8 29. g4 f4 30. g5 Rf7 31. Rg4 Nc7 32. Bxb7 Ne6 33. Be4 Nd4 34.
Rdg1 Rdf8 35. Qd3 Nd7 36. Rh4 Qg8 37. Nd5 Rg7 38. g6 Nf6 39. Nxf6 Rxf6 40.
Rxh7+ Rxh7 41. gxh7 Qe6 42. Rg8+ Qxg8 43. hxg8=Q+ Kxg8 44. Qf1 Rf7 45. Bd5 1-0

[Event "34. Copenhagen Open (Politiken Cup)"]
[Site "Elsinore"]
[Date "2012.08.05"]
[Round "10"]
[White "Tari, Aryan"]
[Black "Taksrud, Vidar"]
[Result "1-0"]
[WhiteElo "2256"]
[BlackElo "2057"]
[PlyCount "57"]
[EventDate "2012.07.28"]
[EventType "swiss"]
[EventRounds "10"]
[EventCountry "DEN"]
[Source "ChessBase"]
[SourceDate "2012.08.24"]

1. Nf3 Nf6 2. g3 c5 3. Bg2 Nc6 4. d4 e6 5. O-O d5 6. c4 cxd4 7. Nxd4 Qb6 8. Nc2
d4 9. Bxc6+ Qxc6 10. Qxd4 b5 11. Be3 Bb7 12. f3 bxc4 13. Nca3 Nd5 14. Bf2 Nb6
15. Rd1 Rc8 16. Nc3 Ba6 17. Nc2 f6 18. Qg4 Kf7 19. Nd4 Qe8 20. Qh5+ Kg8 21. Qa5
e5 22. Nc2 Bb7 23. Qxa7 Ba8 24. Qxb6 Rb8 25. Qc7 Bc6 26. Ne3 Rb7 27. Qa5 Rxb2
28. Rd8 Qe6 29. Qa3 1-0

[Event "34. Copenhagen Open (Politiken Cup)"]
[Site "Elsinore"]
[Date "2012.08.05"]
[Round "10"]
[White "Teplyi, Igor"]
[Black "Rewitz, Poul"]
[Result "1-0"]
[WhiteElo "2388"]
[BlackElo "2239"]
[PlyCount "143"]
[EventDate "2012.07.28"]
[EventType "swiss"]
[EventRounds "10"]
[EventCountry "DEN"]
[Source "ChessBase"]
[SourceDate "2012.08.24"]

1. c4 e6 2. Nf3 Nf6 3. g3 b6 4. Bg2 Bb7 5. Nc3 c5 6. O-O Be7 7. b3 O-O 8. Bb2
Nc6 9. e3 d5 10. cxd5 Nxd5 11. Nxd5 exd5 12. d4 Re8 13. Qd2 Bf6 14. dxc5 Bxb2
15. Qxb2 bxc5 16. Rfd1 Qb6 17. Rxd5 Nb4 18. Rd2 Rad8 19. Rad1 Rxd2 20. Qxd2 h6
21. Nh4 Bxg2 22. Nxg2 Qa5 23. Nf4 Qxa2 24. Qxa2 Nxa2 25. Ra1 Nc3 26. Rxa7 Rb8
27. Rc7 Ne4 28. Nd3 Rxb3 29. Nxc5 Nxc5 30. Rxc5 g6 31. g4 Rb4 32. h3 Ra4 33.
Kg2 Rb4 34. Kg3 Rb2 35. h4 Ra2 36. Re5 f6 37. Rd5 Rb2 38. Kf3 Ra2 39. Rd8+ Kg7
40. Rd7+ Kg8 41. Rd5 Rb2 42. Kg3 Re2 43. Rd7 Ra2 44. Rb7 Rc2 45. Rb5 Ra2 46. f4
Rc2 47. Kf3 Ra2 48. h5 gxh5 49. gxh5 Ra3 50. Ke4 Kg7 51. Rb7+ Kg8 52. Kf5 Rxe3
53. Kxf6 Rg3 54. f5 Ra3 55. Kg6 Rg3+ 56. Kxh6 Rg1 57. f6 Rg2 58. Rg7+ Kh8 59.
Rg5 Rf2 60. Kg6 Kg8 61. Rc5 Rg2+ 62. Kf5 Kf7 63. Rc7+ Kf8 64. h6 Rf2+ 65. Ke6
Re2+ 66. Kd5 Rd2+ 67. Ke4 Rh2 68. h7 Rh4+ 69. Kf5 Rh1 70. Kg4 Rg1+ 71. Kf3 Rf1+
72. Kg2 1-0

[Event "34. Copenhagen Open (Politiken Cup)"]
[Site "Elsinore"]
[Date "2012.08.05"]
[Round "10"]
[White "Thaler, Toni"]
[Black "Karlsson, Jorgen"]
[Result "0-1"]
[WhiteElo "2075"]
[BlackElo "2163"]
[PlyCount "94"]
[EventDate "2012.07.28"]
[EventType "swiss"]
[EventRounds "10"]
[EventCountry "DEN"]
[Source "ChessBase"]
[SourceDate "2012.08.24"]

1. d4 g6 2. c4 Nf6 3. f3 d5 4. cxd5 Nxd5 5. e4 Nb6 6. Nc3 Bg7 7. Be3 O-O 8. Qd2
Nc6 9. O-O-O a5 10. d5 Ne5 11. b3 Bd7 12. h3 a4 13. f4 axb3 14. axb3 Ra3 15.
fxe5 Qa8 16. Nf3 Rxb3 17. Nb1 Qa1 18. Bd3 Nc4 19. Bd4 Qa4 20. Bxc4 Qxc4+ 21.
Qc2 Bh6+ 22. Nbd2 Qb4 23. Qc5 Qxc5+ 24. Bxc5 Rc3+ 25. Kb2 Rxc5 26. Ra1 Bg7 27.
Ra7 Rb5+ 28. Kc2 e6 29. Rb1 Rc5+ 30. Kd3 exd5 31. Rbxb7 dxe4+ 32. Nxe4 Rd5+ 33.
Kc4 Be6 34. Nf6+ Bxf6 35. exf6 Rf5+ 36. Kc3 Bd5 37. Nd4 Rxf6 38. Rxc7 Bxg2 39.
h4 h5 40. Kd3 Re8 41. Kc4 Bh3 42. Kd5 Kg7 43. Nb5 Bg2+ 44. Kd4 Re4+ 45. Kc5
Rf5+ 46. Kb6 Re6+ 47. Ka5 Bf1 0-1

[Event "34. Copenhagen Open (Politiken Cup)"]
[Site "Elsinore"]
[Date "2012.08.05"]
[Round "10"]
[White "Veng, Johny"]
[Black "Pedersen, Jan Kaas"]
[Result "1-0"]
[WhiteElo "2274"]
[BlackElo "2044"]
[PlyCount "69"]
[EventDate "2012.07.28"]
[EventType "swiss"]
[EventRounds "10"]
[EventCountry "DEN"]
[Source "ChessBase"]
[SourceDate "2012.08.24"]

1. d4 d5 2. c4 e6 3. Nf3 Nf6 4. g3 c5 5. cxd5 Nxd5 6. Bg2 Nc6 7. O-O Be7 8.
dxc5 Bxc5 9. Qc2 Qb6 10. a3 O-O 11. b4 Be7 12. e4 Nf6 13. Be3 Qb5 14. Nc3 Qh5
15. h3 e5 16. g4 Bxg4 17. hxg4 Nxg4 18. Ne2 Bh4 19. Qb3 Kh8 20. Bc5 Be7 21. Ng3
Qg6 22. Bxe7 Nxe7 23. Bh3 f5 24. Bxg4 Qxg4 25. Nxe5 Qh4 26. Nf7+ Kg8 27. Nh6+
Kh8 28. Nhxf5 Nxf5 29. exf5 Rf6 30. Kg2 Qg5 31. Qe3 Qg4 32. Qf3 Qg5 33. Qh5 Qf4
34. Rae1 g6 35. fxg6 1-0

[Event "34. Copenhagen Open (Politiken Cup)"]
[Site "Elsinore"]
[Date "2012.08.05"]
[Round "10"]
[White "Verhasselt, Karsten"]
[Black "Nielsen, Aage Sondergaard"]
[Result "1-0"]
[WhiteElo "1814"]
[BlackElo "1957"]
[PlyCount "75"]
[EventDate "2012.07.28"]
[EventType "swiss"]
[EventRounds "10"]
[EventCountry "DEN"]
[Source "ChessBase"]
[SourceDate "2012.08.24"]

1. e4 e5 2. Nf3 Nc6 3. d4 exd4 4. Nxd4 Nf6 5. Nc3 Bb4 6. Nxc6 bxc6 7. Bd3 d6 8.
O-O Bg4 9. f3 Bh5 10. Bg5 Bc5+ 11. Kh1 h6 12. Bh4 O-O 13. Bc4 Qe7 14. Na4 Bb6
15. Nxb6 axb6 16. Qd3 g5 17. Bf2 d5 18. exd5 cxd5 19. Bb5 Bg6 20. Qd2 Rad8 21.
Rfe1 Qd6 22. c3 Nh5 23. b4 f6 24. a4 c5 25. a5 d4 26. cxd4 bxa5 27. bxc5 Qb8
28. Qxa5 Nf4 29. Bc4+ Bf7 30. Qa2 Nd3 31. Bxf7+ Rxf7 32. Bg3 Qb4 33. Re7 Rdf8
34. Rxf7 Rxf7 35. Rd1 Qb5 36. Qd2 Nb4 37. Rb1 Rb7 38. Kg1 1-0

[Event "34. Copenhagen Open (Politiken Cup)"]
[Site "Elsinore"]
[Date "2012.08.05"]
[Round "10"]
[White "Yildiz, Hasan"]
[Black "Petersen, Peter Birk"]
[Result "1/2-1/2"]
[WhiteElo "2029"]
[BlackElo "2155"]
[PlyCount "124"]
[EventDate "2012.07.28"]
[EventType "swiss"]
[EventRounds "10"]
[EventCountry "DEN"]
[Source "ChessBase"]
[SourceDate "2012.08.24"]

1. Nf3 c5 2. c4 Nc6 3. Nc3 g6 4. g3 Bg7 5. Bg2 d6 6. O-O Nf6 7. d4 cxd4 8. Nxd4
Nxd4 9. Qxd4 O-O 10. Qh4 Qb6 11. Rb1 Be6 12. b3 Rac8 13. Bh6 Bxh6 14. Qxh6 Qa5
15. Rfc1 b6 16. e4 Qc5 17. Nd5 Bxd5 18. cxd5 Qxf2+ 19. Kxf2 Ng4+ 20. Ke2 Nxh6
21. Rc6 Rxc6 22. dxc6 Rc8 23. Rc1 Rc7 24. e5 dxe5 25. Rd1 Nf5 26. Rd7 Nd4+ 27.
Kd3 Ne6 28. Kc4 Kf8 29. Kd5 Ke8 30. Rxc7 Nxc7+ 31. Kxe5 f6+ 32. Ke4 e6 33. b4
Ke7 34. a4 a6 35. Bf1 Kd6 36. b5 axb5 37. axb5 h6 38. Kd4 e5+ 39. Ke4 f5+ 40.
Kf3 g5 41. h3 Kd5 42. Ke3 Ne6 43. Bg2+ e4 44. h4 f4+ 45. gxf4 gxf4+ 46. Kf2 Kd4
47. Bf1 Nc7 48. Be2 Ne8 49. Bf1 Nc7 50. Be2 Nd5 51. Bf1 Ke5 52. Bc4 Ne7 53. Bf1
f3 54. Bc4 Nc8 55. Ke3 Nd6 56. Bf1 Nf5+ 57. Kf2 Kd6 58. Bh3 Nxh4 59. Ke3 Ng6
60. Kxe4 Ne7 61. Kxf3 Nxc6 62. bxc6 Kxc6 1/2-1/2